|
|
|
|
| LEADER |
00000cam a2200000 i 4500 |
| 001 |
1/8798 |
| 008 |
100630s1967 gr | ||| |||| ||gre|| |
| 035 |
|
|
|l 10108395
|
| 040 |
|
|
|a GR-MyUA
|b gre
|e AACR2
|
| 041 |
0 |
|
|a gre
|
| 082 |
0 |
|
|a 889.3
|2 (22)
|
| 100 |
1 |
|
|a Κολτσιδοπούλου, Άννυ Θ.
|
| 245 |
1 |
0 |
|a Ελεγεία στη σχολική τσάντα /
|c Άννυ Θ. Κολτσιδοπούλου.
|
| 260 |
|
|
|a Αθήνα :
|b Γλαύξ,
|c 1967.
|
| 300 |
|
|
|a 181 σ. ;
|c 22 εκ.
|
| 500 |
|
|
|a Υπάρχει ιδιόχειρη αφιέρωση του συγγραφέα προς τον Στρατή Μυριβίλη.
|
| 650 |
0 |
0 |
|a Greek fiction, Modern.
|
| 852 |
|
|
|a INST
|b SAMOS
|e 20100630
|h 889.3 ΚΟΛ
|p 005300031605
|q 005300031605
|t BK
|y 0
|
| 901 |
|
|
|a BIBL3-2010-2
|
| 909 |
|
|
|a Σ
|b 068068
|
| 970 |
|
|
|a Ρούσσου
|b Κωνσταντίνα
|z 2010/06/30
|